APEC Schools

Driving the career highway : (Record no. 83)

000 -LEADER
fixed length control field 01287cam a2200289 a 4500
005 - DATE AND TIME OF LATEST TRANSACTION
control field 20170811013926.0
008 - FIXED-LENGTH DATA ELEMENTS--GENERAL INFORMATION
fixed length control field 060919s2007 tnua b 000 0 eng
020 ## - IDENTIFIER FOR THE MANIFESTATION
Identifier for the Manifestation 9780785220145
Binding hardback
040 ## - CATALOGING SOURCE
Transcribing Agency APEC Schools Library
Language of Cataloging eng
Description Conventions rda
082 00 - DEWEY DECIMAL CLASSIFICATION NUMBER
Classification number C 650.1
Author's Number El55d 2007
100 1# - CREATOR
Preferred Name of the Person Ellig, Janice Reals.
245 10 - TITLE AND STATEMENT OF RESPONSIBILITY
Preferred Title Proper Driving the career highway :
Remainder of Title 20 road signs you can't afford to miss /
Statement of Responsibility/Parallel Statement of Responsibility Janice Reals Ellig and William J. Morin.
264 ## - PUBLICATION STATEMENT
Place of publication, distribution, etc Nashville, TN :
Publisher's Name/Parallel Publisher's Name Thomas Nelson Business ,
Copyright ©2007
Date of Publication [2007]
300 ## - PHYSICAL DESCRIPTION
Extent xvi, 271 pages :
Illustrative Content illustrations ;
Dimensions 22 cm
336 ## - RDA CONTENT
Source rdacontent
Content Type text
337 ## - RDA MEDIA
Source rdamedia
Media Type unmediated
338 ## - RDA CARRIER
Source rdacarrier
Carrier Type volume
504 ## - BIBLIOGRAPHY, ETC. NOTE
Bibliography, etc Includes bibliographical references (p. 271).
520 ## - SUMMARIZATION OF THE CONTENT
Summarization of the Content "As leaders of prestigious executive search firms and organizational consulting firms, Janice Reals Ellig and William J. Morin have decades of experience working with people who failed to see the signs of trouble in their careers-or to read them right. These two experts have distilled the twenty most compelling problems and situations that can cause a person to detour, stall, get lost, or crash and burn on their career highway. "Career changes are a fact of life in today's world, and they will accelerate tomorrow. Knowing how best to compete is critical for people from 30 to 70. Reals Ellig and Morin give you the tools to make your next job yours ... Read it cover to cover-then read it again."--Jon A. Boscia, Chairman & CEO, Lincoln Financial Group "I wish I had had the opportunity to read a book like Driving the Career Highway when I was starting my career. The 'warning signs' would have saved me hitting several 'bumps' in my career road. Very useful read!"--Susan Whiting, CEO, Nielsen Media "This book is unique in that it provides insightful and useful help for those faced with or considering mid career change. Packed with pragmatic advice as well as tremendous tools to assist in doing a self assessment and planning career changes. In this rapidly changing world with constantly changing organizations, almost everyone will at some time need to read this book." -David A. Nadler, PhD. Vice Chairman, Marsh & McLennan Companies, Inc. "As we manage to get through the traffic every day it has become second nature to us to watch for signals and road signs. Why would that be any different as we are trying to manage our careers'" -Ulrike Hildebrand General Manager, Human Resources Mercedes-Benz USA "Janice Reals Ellig and Bill Morin have done it again. For anyone whose career could use an overhaul-or even just a tune-up-Driving the Career Highway is a must-read. Loaded with fresh insights and practical, down-to-earth wisdom, it's an indispensable guidebook for navigating the murky terrain of corporate success today." - Fortune Magazine's expert career columnist Ms. Anne Fisher ("Ask Annie"), Career columnist, CNNmoney.com "Organizations have changed and as a result so have careers. This is a valuable road map of the new career highways." -Professor Edward E. Lawler, III, Marshall School of Business, University of Southern California and Author of Built to Change "The prospect of a job search change or a career change can be a frightening experience, especially for those in mid-career. Reals Ellig and Morin provide simple and straight forward tips for how to make career transitions more manageable and successful." -Charles Tharp, Ph. D., Professor Human Resource Management, Rutgers University "When career change occurs-especially when it's not of our choosing-even the smartest and most successful of us struggle with how to cope and survive. Reals Ellig and Morin offer professionals specific, practical ways to manage their careers through what are often very frightening periods." -Johnny C. Taylor, Jr., J.D., SPHR Sr. Vice President, Human Resources IACnterActiveCorp "A practical guidebook for almost any point on the career highway. It's the next best thing to a personal coaching session with Bill or Janice. Share it with your coach/mentor and get ready to hit the accelerator!" -Diane Gulyas, Group Vice President Dupont "This is an inspirational and optimistic book because it gives the reader a clear road-map on how to self-manage a career." -Mike Critelli, Chairman & CEO, Pitney Bowes "Bill and Janice provide an indispensable map for reaching your career dream destination." -Peter Thedinga, Bank of America. "--
650 #0 - ADDED SUBJECT ACCESS POINT - TOPICAL TERM
Topical Term Career development.
650 #0 - ADDED SUBJECT ACCESS POINT - TOPICAL TERM
Topical Term Business.
700 1# - ADDED AUTHORIZED ACCESS POINT - PERSONAL NAME
Preferred Name of the Person Morin, William J.
856 41 - ELECTRONIC LOCATION AND ACCESS
Materials specified Table of contents only
Uniform Resource Identifier http://www.loc.gov/catdir/toc/ecip071/2006031081.html
856 42 - ELECTRONIC LOCATION AND ACCESS
Materials specified Publisher description
Uniform Resource Identifier http://www.loc.gov/catdir/enhancements/fy0704/2006031081-d.html
942 ## - ADDED ENTRY ELEMENTS (KOHA)
Source of Classification
Koha Item Type Books
Holdings
Library Site Location Shelving Location Source of Acquisition Full Classification Number Accession Number Koha Item Type
APEC JRU Lipa Library APEC JRU Lipa Library Circulation   C 650.1 El55d 2007 B12-0000010 Non Fiction

Powered by Koha